Estatísticas para 50 Sombras de Grey

Clique aqui para jogar o quiz

Estatísticas Gerais

  • Esse quiz foi jogado 9 vezes
  • A pontuação média é 8 de 15

Estatísticas das Respostas

HintResposta% Correto
Quem é a autora da obra?E. L. James
86%
Quem são os protagonistas?Christian e Anastacia
71%
No filme quem é a atriz que interpreta a protagonista?Dakota Johnson
71%
Como se chama o irmão do protagonista?Elliot
71%
No filme quem é o ator que interpreta o protagonista?Jamie Dornan
71%
Como se chama a irmã do protagonista?Mia
71%
Qual o presente que o protagonista dá á protagonista na noite da sua formatura?Carro
57%
Qual a música dos protagonistas no primeiro filme?Love Me like You Do
57%
A género literário pertence?Romance erótico
57%
Em que cidade se passa a história?Seattle
57%
Como se o melhor amigo da protagonista?José
43%
Com quem vive a protagonista?Kate
43%
Qual o tema relacionado com sexo que trata a história?Sadomasoquismo
43%
Em que estado vive a mãe da protagonista?Geórgia
14%
Onde trabalha a protagonista?Loja de ferragens
14%

Distribuição das Pontuações

Percentil de Números Respondidos

Porcentagem de Pessoas com Cada Pontuação

Sua Pontuação Histórica

Você não jogou esse quiz